Music Quiz

Random Music or Singers Quiz

Three-Word Album Titles by Image Quiz Stats

 Plays Quiz not verified by Sporcle

Score 0/24 Timer 06:00
0 Plays Today
% Correct
Born to Run
85.8%
Like a Virgin
84.4%
Are You Experienced?
81.9%
Off the Wall
78.3%
Breakfast in America
78.1%
What's Going On
73.4%
Highway to Hell
71.2%
The Division Bell
60.2%
The Unforgettable Fire
59.2%
Please Please Me
58.5%
Remain in Light
45.8%
Goats Head Soup
45.7%
% Correct
Station to Station
40.3%
Full Moon Fever
39.2%
An Innocent Man
32.8%
Brain Salad Surgery
32.5%
One Step Beyond
30%
Red Headed Stranger
26.4%
Learning to Crawl
20.5%
The Royal Scam
20.1%
Can't Slow Down
19.1%
In My Tribe
18.9%
Room on Fire
18.6%
Court and Spark
16.8%

You're not logged in!

Compare scores with friends on all Sporcle quizzes.
OR
Log In

You Might Also Like...

Show Comments

Extras

Top Quizzes Today


Score Distribution

Your Account Isn't Verified!

In order to create a playlist on Sporcle, you need to verify the email address you used during registration. Go to your Sporcle Settings to finish the process.

Report this User

Report this user for behavior that violates our Community Guidelines.

Details: